History Quiz

Random History or Politics Quiz

So Good They Named Them Once Quiz Stats

 Plays Quiz Updated Feb 3, 2016

Also try: Famous Artists
Challenge
Share
Tweet
Embed
Score 0/26 Timer 05:00
2 Plays Today
Hint Answer % Correct
Central figure of ChristianityJesus
88.2%
Emperor who 'fiddled while Rome burned'Nero
87.6%
French military and political leader: WaterlooNapoleon
86.1%
Daughter of Chief PowhatanPocahontas
82.6%
Egyptian Pharaoh discovered in 1922Tutankhamun
81.9%
English pirate Edward TeachBlackbeard
80.8%
Italian poet : The Divine ComedyDante
75.5%
Italian sculptor, artist: The Creation of AdamMichelangelo
72.4%
Greek philosopher: The RepublicPlato
71.6%
Italian physicist, mathematician, astronomerGalileo
67.6%
Japanese Emperor 1926-1989Hirohito
59%
Ancient Greek fabulist or story tellerAesop
55.9%
Roman wall builderHadrian
55.5%
Hint Answer % Correct
Last active Egyptian pharaohCleopatra
53.2%
French seer famed for his propheciesNostradamus
48%
Dutch artist and etcher: The Night WatchRembrandt
41.5%
French author: CandideVoltaire
41%
Bedonkohe Apache leaderGeronimo
40.9%
Aztec emperor overthrown by Hernando CortesMoctezuma II
38.7%
Roman Emperor 37 AD - 41 ADCaligula
37.1%
Roman poet: AeneidVirgil
36.4%
Queen of the British Iceni tribeBoudica
23.9%
Roman orator: De re publicaCicero
23.8%
French playwright: The MisanthropeMolière
18.8%
The Adventures of Tintin authorHergé
18.3%
Dutch Renaissance humanistErasmus
15.2%

You're not logged in!

Compare scores with friends on all Sporcle quizzes.
Join for Free
OR
Log In

You Might Also Like...

Show Comments

Extras

Top Quizzes Today


Score Distribution

Your Account Isn't Verified!

In order to create a playlist on Sporcle, you need to verify the email address you used during registration. Go to your Sporcle Settings to finish the process.

Report this User

Report this user for behavior that violates our Community Guidelines.

Details: